De la libertad ; Del gobierno representativo ; La esclavitud femenina / (Record no. 169542)

MARC details
000 -LEADER
campo de control de longitud fija 00977nam a22002775i 4500
001 - NÚMERO DE CONTROL
campo de control 169542
003 - IDENTIFICADOR DE NÚMERO DE CONTROL
campo de control ES-MaACL
005 - FECHA Y HORA DE LA ÚLTIMA TRANSACCIÓN
campo de control 20250920063110.0
008 - DATOS DE LONGITUD FIJA--INFORMACIÓN GENERAL
campo de control de longitud fija 081009s1965 sp |||| | spa d
080 ## - NÚMERO DE LA CLASIFICACIÓN DECIMAL UNIVERSAL
Número de la Clasificación Decimal Universal 342.721
080 ## - NÚMERO DE LA CLASIFICACIÓN DECIMAL UNIVERSAL
Número de la Clasificación Decimal Universal 321.7(04)
080 ## - NÚMERO DE LA CLASIFICACIÓN DECIMAL UNIVERSAL
Número de la Clasificación Decimal Universal 342.7-055.2
100 1# - ENTRADA PRINCIPAL--NOMBRE DE PERSONA
Nombre de persona Mill, John Stuart,
Fechas asociadas al nombre 1806-1873
9 (RLIN) 81119
245 10 - MENCIÓN DEL TÍTULO
Título De la libertad ; Del gobierno representativo ; La esclavitud femenina /
Mención de responsabilidad, etc. John Stuart Mill ; introducción por Pablo Lucas Verdú ; revisión y traducción de Marta C.C. de Iturbe.
260 ## - PUBLICACIÓN, DISTRIBUCIÓN, ETC.
Lugar de publicación, distribución, etc. Madrid :
Nombre del editor, distribuidor, etc. Tecnos,
Fecha de publicación, distribución, etc. 1965.
300 ## - DESCRIPCIÓN FÍSICA
Extensión 458 p. ;
Dimensiones 24 cm.
490 1# - MENCIÓN DE SERIE
Mención de serie Colección "Res Publica"
650 14 - PUNTO DE ACCESO ADICIONAL DE MATERIA--TÉRMINO DE MATERIA
Término de materia o nombre geográfico como elemento de entrada Libertad.
9 (RLIN) 14400
650 #4 - PUNTO DE ACCESO ADICIONAL DE MATERIA--TÉRMINO DE MATERIA
Término de materia o nombre geográfico como elemento de entrada Gobierno representativo.
9 (RLIN) 138674
650 04 - PUNTO DE ACCESO ADICIONAL DE MATERIA--TÉRMINO DE MATERIA
Término de materia o nombre geográfico como elemento de entrada Mujeres-
Subdivisión general Derechos
9 (RLIN) 15263
700 1# - ENTRADA AGREGADA--NOMBRE PERSONAL
Nombre de persona Lucas Verdú, Pablo.
9 (RLIN) 74549
700 1# - ENTRADA AGREGADA--NOMBRE PERSONAL
Nombre de persona Iturbe, Marta, C.C. de.
9 (RLIN) 138675
830 0# - PUNTO DE ACCESO ADICIONAL DE SERIE-TÍTULO UNIFORME
Título uniforme Colección "Res Publica"
9 (RLIN) 222848
852 ## - LOCALIZACIÓN
Ubicación ES-MaACL
Número de control de estantería C-27188
itemnumber R.56087
Holdings
Estatus retirado Estado de pérdida Estado de daño No para préstamo Biblioteca de origen Biblioteca actual Ubicación en estantería Fecha de adquisición Fuente de adquisición Total de préstamos Signatura topográfica completa Código de barras Visto por última vez Precio de reemplazo Tipo de ítem Koha
        Biblioteca del Ateneo de Madrid Biblioteca del Ateneo de Madrid Depósito 2 09/10/2008     C-27188 1177990 23/02/2023 23/02/2023 Libro impreso